Did Hegel Hold an Identity Theory of Truth? (Record no. 521193)
[ view plain ]
| 000 -CABECERA | |
|---|---|
| Campo de control de longitud fija | 00441nab a2200145Ia 4500 |
| 003 - IDENTIFICADOR DEL NÚMERO DE CONTROL | |
| Campo de control | ES-SlBCS |
| 005 - FECHA Y HORA DE LA ÚLTIMA TRANSACCIÓN | |
| Campo de control | 20240705011005.0 |
| 008 - CÓDIGOS DE INFORMACIÓN DE LONGITUD FIJA | |
| Campo de control de longitud fija | 140529s1993 xxu||||| |||| 00| 0 eng d |
| 041 ## - CÓDIGO DE LENGUA | |
| Código de lengua del texto/banda sonora o título independiente | eng |
| 100 1# - PUNTO DE ACCESO PRINCIPAL-NOMBRE DE PERSONA | |
| Nombre de persona | Stern, Robert |
| 9 (RLIN) | 151016 |
| 245 00 - MENCIÓN DE TÍTULO | |
| Título | Did Hegel Hold an Identity Theory of Truth? |
| Mención de responsabilidad, etc. | Robert Stern |
| 600 10 - PUNTO DE ACCESO ADICIONAL DE MATERIA-NOMBRE DE PERSONA | |
| Nombre personal | Hegel, Georg Wilhelm Friedrich |
| Fechas asociadas con el nombre | (1770-1831) |
| 9 (RLIN) | 17206 |
| 773 0# - ENLACE AL DOCUMENTO FUENTE | |
| Título | Mind |
| Parte(s) relacionada(s) | vol. 102, 1993, págs. 645-647 |
| Número de control del registro relacionado | Rev1408 |
| 942 ## - ENTRADA DE ELEMENTOS AGREGADOS (KOHA) | |
| Koha [por defecto] tipo de item | Artículos de revista |
| Suprimido | Perdido | Estropeado | No para préstamo | Localización permanente | Localización actual | Localización en estantería | Fecha adquisición | Préstamos totales | Fecha última consulta | Fecha del precio de reemplazo | Tipo de item de Koha |
|---|---|---|---|---|---|---|---|---|---|---|---|
| San Esteban | San Esteban | Depósito de revistas | 11/07/2014 | 11/07/2014 | 11/07/2014 | Artículos de revista |
